Matemática : 7° primaria , 1° educación secundaria

Salvato in:
Dettagli Bibliografici
Altri autori: Effenberger, Pablo Di Vincenzo, Diego Espil, Silvina Gretel
Natura: Libro
Lingua:spagnolo
Pubblicazione: Buenos Aires : 2009.
Edizione:1ª ed.
Catalogo:BNM:  Risultati della ricerca del catalogo della biblioteca
Libro di testo Classificazione:
Serie:Programa Kapelusz. Para pensar
Soggetti:
Tags: Aggiungi Tag
Nessun Tag, puoi essere il primo ad aggiungerne!!
Aggiunto a:2017-03-09
Cambiato in:2022-02-25

MARC

LEADER 00000nam a2200000 a 4500
003 AR-BaBNM
005 20220225110541.0
007 ta
008 170310s2009 ag a r 000 0 spa d
020 |a 978-950-13-1707-7 
035 |a 000225025 
040 |a AR-BaBNM  |b spa 
080 |a P-7 51  |a S 51 
245 0 0 |a Matemática :  |b 7° primaria , 1° educación secundaria /  |c gerencia de contenidos Diego Di Vincenzo ; autoría y edición Pablo Effenberger ; jefatura de arte Silvina Gretel Espil. 
250 |a 1ª ed. 
260 |a Buenos Aires :  |b Kapelusz,  |c 2009. 
300 |a 192 p. :  |b gráficos. 
490 0 |a Programa Kapelusz. Para pensar 
650 4 |a Enseñanza de la matemática  |9 7755  |a Educación primaria  |9 7632  |a Educación secundaria  |9 7637 
655 4 |a Libros de texto 
700 1 |a Effenberger, Pablo  |a Di Vincenzo, Diego  |a Espil, Silvina Gretel 
942 |2 udc  |c LIBRO 
999 |c 186609  |d 186609 
999 |c KOHA-OAI-TEST:186609  |d 186609